| 000 | 00560nam a2200169 a 4500 | ||
|---|---|---|---|
| 005 | 20140412111251.0 | ||
| 008 | 000823s19uu xx 00 eng d | ||
| 020 | _a0-590-04492-3 | ||
| 050 |
_aTR(PS E _bPr91 |
||
| 100 | _aRey, Margaret | ||
| 245 |
_aPretzel / _cMargaret Rey ; with pictures by H.A. Rey. |
||
| 260 |
_aNew York : _bScholastic Inc, _c1944. |
||
| 300 | _a1 v. (unp.) ; ill. | ||
| 520 | _aOne day Pretzel began to grow . . . and grow . . . and grow . . . until he was the LONGEST dog in the world! | ||
| 650 | _aDogs-Fiction | ||
| 999 |
_c103159 _d103159 |
||